Précis d'histoire de la philosophie

Gespeichert in:
Bibliographische Detailangaben
1. Verfasser: Thonnard, F. J (VerfasserIn)
Format: Buch
Sprache:Spanisch
Veröffentlicht: París Societé de S. Jean L' evangeliste 1937
Ausgabe:1a. ed
Schlagworte:
Tags: Tag hinzufügen
Keine Tags, Fügen Sie den ersten Tag hinzu!

MARC

LEADER 00000cam a2200000 a 4500
001 UCD0274
003 CL-VaPUC
008 151120e19370000fr |||||||||||||||||spa|d
082 0 4 |a 100  |b THO  |2 21 
100 0 |a Thonnard, F. J  |e author  |9 583264 
245 1 0 |a Précis d'histoire de la philosophie 
250 |a 1a. ed 
300 |a 810 p 
942 |c BK 
945 |d 20151120 13:39:00  |a gsalatino 
260 |a París  |b Societé de S. Jean L' evangeliste  |c 1937 
650 0 |a Escuelas filosóficas   |9 266232 
650 0 |a Lógica  |9 256849 
650 0 |a Teoría del conocimiento   |9 255038 
650 0 |a Metafísica  |9 265649 
583 |a last modification  |c 20151120 13:39:00  |k Rodrigo Vera 
999 |c 361840  |d 361838 
952 |0 0  |1 0  |3 erd  |4 0  |6 100_000000000000000_THO_1937  |7 0  |8 P  |9 472576  |a BIBTEO  |b BIBTES  |c TEO_FTES  |i 527091K  |o 100 THO 1937  |p 527091K  |r 2024-01-18  |w 2019-11-24  |y BK  |z Catalogado en:20151120  |k ICR